000 00275nam a22001337a 4500
008 170201b xxu||||| |||| 00| 0 eng d
020 _a0815169455
041 _aeng
080 _a61
100 _a3
101 _aSHM
245 _aDIGESTIVE DISEASE
_cMOODY
942 _2udc
_cBK
999 _c4221
_d4221